Culture Générale - Série 78 - Statistiques

Statistiques générales
  • Ce quiz a été pris 627 fois
  • Le résultat moyen est 6 sur 10
Statistiques - réponses
Question Réponse % Correct
Quel "super-héros" est amoureux de Loïs Lane ? Superman
84%
Quel objet signale le trou sur un green de golf ? Drapeau
81%
Qui a réalisé le film "Shining" en 1980 ? Stanley Kubrick
58%
Quel nom d'origine italienne désigne une cantatrice célèbre ? Diva
56%
De quelle saga cinématographique fait partie le film "L'Oeil du tigre" ? Rocky
56%
Dans la chanson de Gérard Blanchard, quelle région voulait-elle revoir ? Normandie
54%
A quel écrivain doit-on "les Mémoires d'outre-tombe" ? René de Chateaubriand
52%
Quel tennisman était surnommé le "Kid de Las Vegas" ? André Agassi
49%
Quelle ville a eu Dominique Baudis pour maire de 1983 à 2001 ? Toulouse
44%
Quel prénom porte l'héroïne de "West Side Story" ? Maria
32%
Aucun quiz correspondant
Distribution des résultats
% des personnes avec chaque résultat
Percentile par nombre de réponses
Votre historique - résultats
Vous n’avez pas pris ce quiz